000
00440nam a2200145Ia 4500
008
100204s9999 xx 000 0 und d
082
_b
14509
100
_a
गोडबोले अशोक
245
_a
प्रतिशोध
260
_b
"चैतन्य साहित्य , नागपूर"
_c
1990
300
_a
140
630
_a
प्रतिशोध
730
_a
प्रतिशोध
942
_c
BOOK
999
_c
458940
_d
458937